Datum a čas kvízu

14.5 Celkem bodů Celkový počet nahraných bodů na tomto kvízu bez doplňovacích otázek.
11. Pořadí na kvízu Konečné umístění týmu na tomto kvízu.

Zaznamenané odpovědi

# Otázka Odpověď Body Výsledky
1. Část ulice u ruského velvyslan... Ukrajinských hrdinů 1
2. Obchod se suvenýry v rezidenci... C 0
3. Ve čtvrtek měl premiéru český... Kryštof Hádek, Vladimír Pokorný 0
4. Jeden český státní podnik, kte... České dráhy 0
5. Rakouský 22letý skokan na lyží... Skákal téměř nahý (pouze v plavkách typu „Borat“). 1
6. Budeme se zabývat pěti filmy,... Elijah Wood, Pán prstenů: Dvě věže 0
7. Snímek Pan Jones z roku 2019 v... Agnieszka Holland 0
8. Romantické drama Paní Bovaryov... Gustave Flaubert 0
9. Děj bláznivé sci-fi komedie Za... Oldřich Lipský, Petr Čepek 0.5
10. V roce 2009 vznikl animovaný f... Lišák 0